Der hurritische Brief des Dušratta von Mīttānni an Amenḫotep III. : Text, Grammatik, Kopie /

محفوظ في:

المؤلف الرئيسي: Dietrich, Manfried (مؤلف)

مؤلفون آخرون: Mayer, Walter.

التنسيق: كتاب

اللغة: German
English
Unknown

منشور في: Munster : [Ugarit-Verlag], 2010.

سلاسل: Alter Orient und Altes Testament ; 382.

الموضوعات:

الوسوم: إضافة وسم

لا توجد وسوم, كن أول من يضع وسما على هذه التسجيلة!

رقم الطلب: P958 .D548 2010

LEADER 01376nam a22003137a 4500
003 OSt
005 20250915114645.0
008 250915s2010 gw af g b 001 0 ger d
010 |a 2011402668 
020 |a 9783868350494 
040 |c ARCE Library 
041 1 |a ger  |a eng  |a mis  |h mis 
050 1 4 |a P958   |b .D548 2010 
100 1 |a Dietrich, Manfried,  |e author 
245 1 4 |a Der hurritische Brief des Dušratta von Mīttānni an Amenḫotep III. :   |b Text, Grammatik, Kopie /   |c Manfried Dietrich, Walter Mayer ; englische Übersetzung des Textes von Desmond Durkin-Meisterernst. 
264 1 |a Munster :   |b [Ugarit-Verlag],   |c 2010. 
300 |a xx, 307 pages, xvii pages of plates :   |b illustrations ;   |c 25 cm. 
490 1 |a Alter Orient und Altes Testament ;   |v 382. 
500 |a Includes the text of the correspondence in Hurrian with a Roman transcription and with German and English translations. 
504 |a Includes bibliographical references and indexes. 
600 0 0 |a Amenhotep  |b III,  |c King of Egypt. 
600 0 0 |a Tushratta,  |c King of Mitanni,  |d approximately 1365 B.C.-approximately 1330 B.C.  |v Correspondence.  |9 41350 
650 0 |a Hurrian language  |v Texts.  |9 11941 
651 0 |a Mitanni (Ancient kingdom)  |x History.  |9 19424 
700 1 |a Mayer, Walter.  
830 0 |a Alter Orient und Altes Testament ;   |v 382. 
901 |a reviewed 
942 |c BK  |2 lcc 
999 |c 22226  |d 22226